Statistics for Sounds of Music in 15 seconds

Click here to take the quiz!

General Stats

  • This quiz has been taken 285 times
  • The average score is 6 of 7

Answer Stats

Answer% Correct
Do
99%
Mi
95%
Fa
94%
Re
94%
So
93%
La
89%
Ti
80%

Score Distribution

Percentile by Number Answered

Percent of People with Each Score

Your Score History

You have not taken this quiz